000
00291nam a2200121Ia 4500
005
20250423100908.0
008
250422s9999 xx 000 0 und d
020
_a
978-975-8690-25-1
245
0
_a
SELT English Turkish Dictionary
260
_b
Selt Publishing
260
_c
2007
942
_c
BK
999
_c
34671
_d
34671